000 00489nam a2200157 a 4500
001 000046370
005 20201002052825.0
008 150805s2000 dr 000 0 spa d
040 _aDO-SdBNP
_bspa
_cBNPHU
082 _axxxx
_bxxxx
245 0 0 _aReunión de poesía :
_bpoetas de la crisis /
_ceditor Miguel D. Mena.
250 _a2ª ed.
260 _aSanto Domingo :
_bEdiciones en el Jardín de las Delicias,
_c2000.
300 _aviii, 76 p. ;
_c20 cm.
700 1 2 _aMiguel D. Mena
_974268
999 _c45859
_d45859